| 000 | 01098nam a22003371i 4500 | ||
|---|---|---|---|
| 001 | bslw10057371 | ||
| 005 | 20240305165651.0 | ||
| 006 | m o d | ||
| 007 | cr un ---uuuua | ||
| 008 | 230608s2023 pr o 000 0 spa d | ||
| 035 | _a38456 | ||
| 035 | _a38463 | ||
| 040 |
_aUtOrBLW _beng _erda _cUtOrBLW |
||
| 043 | _an-us--- | ||
| 050 | 4 |
_aKGV215 _b.O78 2023 |
|
| 082 | 0 | 4 |
_a340.068 _223 |
| 100 | 1 |
_aOrtega-Vélez, Ruth E., _eauthor. |
|
| 245 | 1 | 3 |
_aLa responsabilidad profesional del abogado puertorriqueño siglo XXI / _cpor Ruth E. Ortega-Vélez. |
| 250 | _aPrimera edición. | ||
| 264 | 1 |
_a[Puerto Rico?] : _bEdiciones Situm, _c2023. |
|
| 300 | _a1 online resource (2 volumes) | ||
| 336 |
_atext _btxt _2rdacontent |
||
| 337 |
_acomputer _bc _2rdamedia |
||
| 338 |
_aonline resource _bcr _2rdacarrier |
||
| 505 | 0 | _atomo I. 2001-2013 -- tomo II. 2014-2022. | |
| 650 | 0 |
_aLegal ethics _zPuerto Rico. |
|
| 650 | 0 |
_aLegal ethics _zPuerto Rico _vCases. |
|
| 856 | 4 | 0 | _uhttps://app.vlex.com/#/sources/38456 |
| 856 | 4 | 0 | _uhttps://app.vlex.com/#/sources/38463 |
| 942 | _cRAA | ||
| 999 |
_c172791 _d172791 |
||